000 00524nam a22001937a 4500
003 KOHA_MİRAKIL
005 20251221171820.0
008 251221b tu ||||| |||| 00| 0 tur d
020 _a9789750533044
040 _aTR-AnABB
_btur
_cTR-AnABB
041 _atur
082 _a909.048159
_bKUR 2022
100 1 _aŞur, Tuncay,
245 1 0 _aKürt aşiretleri /
_cTuncay Şur
260 _aİstanbul :
_bİletişim Yayınları,
_c2022
300 _a512 sayfa ;
_c12 cm
650 0 4 _aAşiretler
942 _2ddc
_cBK
999 _c9884
_d9884
900 _bGizem YORULMAZ